000 00421nam a2200181Ia 4500
005 20250425161649.0
008 250425s9999 xx 000 0 und d
041 _aeng
082 _a620.3
100 _aBISHOP, C.E.
245 0 _aTHE MECHANICS OF VIBRATION
250 _aS.E.
260 _aLONDON
260 _aReino Unido
_bCAMBRIDGE UNIVERSITY PRESS
_c1960
300 _a592
942 _c01
010 _a25367
999 _c213620
_d213620